| 000 | 00622nam a22002057a 4500 | ||
|---|---|---|---|
| 999 |
_c12538 _d12538 |
||
| 003 | AR-CdUCM | ||
| 008 | 190409b ||||| |||| 00| 0 spa d | ||
| 040 |
_aMUNICIPALIDAD PROVINCIAL DEL CUSCO _cBIBLIOTECA MUNICIPAL DEL CUSCO |
||
| 082 |
_aC / 869.5 / _bAV91 |
||
| 100 |
_aAvendaño Farfan, Angel _922687 |
||
| 245 | _aCarta a Fidel Castro / | ||
| 260 |
_aCusco : _bGarcilazo, _c1960. |
||
| 300 |
_a5 páginas ; _bilustraciones ; _c21 cm. |
||
| 505 | _aContenido: Poemas. | ||
| 650 |
_aPoesía _9139 |
||
| 650 |
_aLiteratura peruana _9169 |
||
| 650 |
_aSiglo XX _98 |
||
| 942 |
_2ddc _cLIBROS |
||
| 945 |
_aachl _d2019-04-09 |
||